|
|
|
|
| LEADER |
00789nab a2200229 i 4500 |
| 001 |
publ24634 |
| 005 |
20220701092201.0 |
| 008 |
220701s2022 hu o 0|| Angol d |
| 022 |
|
|
|a 2297-055X
|
| 024 |
7 |
|
|a 10.3389/fcvm.2022.872398
|2 doi
|
| 024 |
7 |
|
|a 32793105
|2 mtmt
|
| 040 |
|
|
|a SZTE Publicatio Repozitórium
|b hun
|
| 041 |
|
|
|a Angol
|
| 100 |
1 |
|
|a Achim Alexandru
|
| 245 |
1 |
0 |
|a Surgical Turned-Downed CHIP Cases—Can PCI Save the Day?
|h [elektronikus dokumentum] /
|c Achim Alexandru
|
| 260 |
|
|
|c 2022
|
| 300 |
|
|
|a Terjedelem: 6 p.-Azonosító: 872398
|
| 490 |
0 |
|
|a FRONTIERS IN CARDIOVASCULAR MEDICINE
|v 9
|
| 650 |
|
4 |
|a Klinikai orvostan
|
| 700 |
0 |
1 |
|a Marc Madalin
|e aut
|
| 700 |
0 |
1 |
|a Ruzsa Zoltán
|e aut
|
| 856 |
4 |
0 |
|u http://publicatio.bibl.u-szeged.hu/24634/1/Achim2022.pdf
|z Dokumentum-elérés
|